Cost accouting records rules (Record no. 497935)

000 -LEADER
fixed length control field 00427cam a22001097a 4500
008 - FIXED-LENGTH DATA ELEMENTS--GENERAL INFORMATION
fixed length control field 180718b xxu||||| |||| 00| 0 eng d
082 ## - DEWEY DECIMAL CLASSIFICATION NUMBER
Classification number T3101x54 In2eo
245 ## - TITLE STATEMENT
Title Cost accouting records rules
Statement of responsibility, etc. by Ministry of Law, Justice & Company Affairs, Department of Company Affairs
260 ## - PUBLICATION, DISTRIBUTION, ETC.
Place of publication, distribution, etc. New Delhi
Name of publisher, distributor, etc. Government of India
Date of publication, distribution, etc.
300 ## - PHYSICAL DESCRIPTION
Extent 787+p
700 ## - ADDED ENTRY--PERSONAL NAME
Personal name India. Department of Company Affairs, Ministry of Law, Justice & Company Affairs
Holdings
Withdrawn status Lost status Damaged status Not for loan Permanent Location Current Location Date acquired Full call number Barcode Date last seen Price effective from Koha item type
        Indian Institute of Public Administration Indian Institute of Public Administration 2018-08-04 T3101x54 In2eo G14462 2018-08-04 2018-08-04 G

Powered by Koha